• 首页
  • 本馆介绍
  • 公告通知
  • 最新文献
  • 馆藏检索
  • 电子资源
  • 读者导购
  • 参考咨询
  • 我的图书馆
  • 登录
  • 详细信息显示
  • 放入我的书架
  • 预约/预借图书
  • 作者相关作品
  • 分类相关作品
  • 丛书相关作品
  • 出版社相关作品

书目信息

  • 表格格式
  • 工作单格式
  • 卡片格式
题名:
木材科学与工程专业英语
    
 
作者: 丁涛 主编
分册:  
出版信息: 北京   中国林业出版社  2019.8
页数: 85页
开本: 27cm
丛书名:
单 册:
中图分类: S781
科图分类:
主题词: 木材学--英语--高等学校--教材
电子资源:
ISBN: 978-7-5219-0208-2
000 01093nam0 2200229 45
001 012001000753
005 20131106164057.0
010    @a978-7-5219-0208-2@dCNY30.00
100    @a20190814d2019 em y0chiy0110 ea
101 0  @achi
102    @aCN@b110000
105    @ay z 000yy
106    @ar
200 1  @a木材科学与工程专业英语@Amu cai ke xue yu gong cheng zhuan ye ying yu@f丁涛主编
210    @a北京@c中国林业出版社@d2019.8
215    @a85页@d27cm
330    @a本教材的编写,是为了满足我国木材科学与产业在快速国际化进程中对英语语言技能的广泛需求。教材以“专业”和“英语”为两个支撑点,在内容编排上以木材科学与工程本科专业的主干课程结构为依据,涵盖全球木质资源概况、木材构造、主要物理性能、木材加工、结构与非结构人造板、木材改性与生物质能源等专业领域,具体选材则根据学科和产业发展的动态,注重内容的新颖性与时效性。本书在编写中兼顾专业理论与生产贸易实践,既可作专业英语课程教材,也可供相关专业技术人员案头参考。
606 0  @a木材学@x英语@x高等学校@j教材
690    @aS781@v5
701  0 @a丁涛@Ading tao@4主编
801  0 @aCN@b北京卓展文化@c20191020
905    @b1196773-6@dS781@e118@f4
    
    木材科学与工程专业英语/丁涛主编.-北京:中国林业出版社,2019.8
    85页;27cm
    
    
    ISBN 978-7-5219-0208-2:CNY30.00
    本教材的编写,是为了满足我国木材科学与产业在快速国际化进程中对英语语言技能的广泛需求。教材以“专业”和“英语”为两个支撑点,在内容编排上以木材科学与工程本科专业的主干课程结构为依据,涵盖全球木质资源概况、木材构造、主要物理性能、木材加工、结构与非结构人造板、木材改性与生物质能源等专业领域,具体选材则根据学科和产业发展的动态,注重内容的新颖性与时效性。本书在编写中兼顾专业理论与生产贸易实践,既可作专业英语课程教材,也可供相关专业技术人员案头参考。
●
相关链接 在E读中查询图书 在五车中查询图书 在当当中查询图书 在豆瓣中查询图书


正题名:木材科学与工程专业英语     索取号:S781/118         预约/预借

序号 登录号 条形码 馆藏地/架位号 状态 备注
1 1196773   211967736   第二样本阅览室/ [索取号:S781/118] 在馆    
2 1196774   211967745   第三借阅区/ [索取号:S781/118] 在馆    
3 1196775   211967754   第三借阅区/ [索取号:S781/118] 在馆    
4 1196776   211967763   第三借阅区/ [索取号:S781/118] 在馆    
唐山师范学院图书馆 欢迎您!
大连网信软件有限公司© 版权所有